Score 0/91 Timer 09:00
0 Plays Today
% Correct
Gandalf
70%
Frodo
69.1%
Gimli
67.6%
Aragorn
67.2%
David Tennant
67%
Peter Capaldi
66.7%
Legolas
66.1%
Boromir
66.1%
1 Henry IV
65.9%
Christopher Eccleston
65.7%
2 Henry IV
65.7%
1 Henry VI
65.6%
2 Henry VI
65.3%
3 Henry VI
65.3%
Paul McGann
64.4%
Colin Baker
64.3%
Peter Davison
64.2%
Pippin
63.8%
Sam
63.1%
Patrick Troughton
62.8%
Matt Smith
62.8%
Henry V
62%
Merry
62%
Tom Baker
61.4%
William Hartnell
61%
Henry VIII
61%
Jon Pertwee
60.3%
Richard II
60.2%
Sylvester McCoy
59.6%
Richard III
58.8%
Diary
55.9%
% Correct
Diadem
55.4%
Nagini
53.5%
Harry
53.4%
Locket
52.8%
Cup
52.6%
Ring
52.2%
The Hitchhiker's Guide to the Galaxy
52%
Life, the Universe, and Everything
51.1%
The Restaurant at the End of the Universe
50.6%
So Long, and Thanks for all the Fish
48.6%
King John
48.2%
The Amber Spyglass
47.2%
Half-orc
47.2%
Dwarf
47%
Elf
46.9%
And Another Thing...
46.9%
Half-elf
46.9%
Batman
46.6%
The Golden Compass
46.2%
Sherlock
45.1%
Bender
45%
Superman
44.4%
Leela
44.3%
Fry
44.1%
Watson
43.8%
Gnome
43.7%
Halfling
43.6%
Aquaman
43.3%
Wonder Woman
43.3%
Human
41.6%
Zoidberg
41.2%
% Correct
Amy
40.1%
The Subtle Knife
40%
Professor
37.6%
Mostly Harmless
35.1%
Dragonborn
33.6%
Robin
33.6%
Councilman 10
31.5%
Mommy Long Legs
31.3%
Dr.Phineas Phage
30.8%
Arnold Rimmer
30.8%
Hermes
30.4%
Tiefling
30.2%
The Cat
30.2%
Admiral Ackbar
30%
Scruffy
29.3%
Dave Lister
29%
Dr. Z
28.3%
Drow
28.1%
The Sovereign
28%
Red Mantle
27.8%
Steppenwolf
27.6%
Don Hell
27.4%
Monsenor
26.6%
The Nerve
25.9%
Eladrin
24.6%
Holly
24.6%
Vendata
23.8%
Dragoon
23.7%
Wild Fop
23.3%
Come Together.
Have Fun.
All Virtual.
We all need to come together. Play Sporcle's virtual live trivia to have fun, connect with people, and get your trivia on. Join a live hosted trivia game for your favorite pub trivia experience done virtually. If a virtual private party is more your thing, go here for details.

You're not logged in!

Compare scores with friends on all Sporcle quizzes.
OR
Log In

Sporcle TV

Today on Sporcle TV


Watch our educational content, quiz creation guides, and fun videos on Sporcle TV.

Show Comments

Extras

Top Quizzes Today


Score Distribution

Paid Content

Your Account Isn't Verified!

In order to create a playlist on Sporcle, you need to verify the email address you used during registration. Go to your Sporcle Settings to finish the process.

Report this User

Report this user for behavior that violates our Community Guidelines.

Details: